Сибирское областничество: Биобиблиографический справочник

Chi tiết về thư mục
Tác giả của công ty: Томская областная универсальная научная библиотека им. А. С. Пушкина (ТОУНБ)
Tác giả khác: Быкова С. С. (редактор)
Ngôn ngữ:Tiếng Nga
Được phát hành: Томск, Водолей, 2001
Những chủ đề:
Định dạng: Sách
KOHA link:https://koha.lib.tpu.ru/cgi-bin/koha/opac-detail.pl?biblionumber=40145

MARC

LEADER 00000nam0a2200000 4500
001 40145
005 20231101210611.0
010 |a 5713702065 
035 |a (RuTPU)RU\TPU\book\41161 
090 |a 40145 
100 |a 20020427d2001 km y0rusy50 ca 
101 0 |a rus 
102 |a RU 
105 |a с ag 001zd 
200 1 |a Сибирское областничество  |e Биобиблиографический справочник  |f Томская государственная областная универсальная научная библиотека им. А. С. Пушкина; Гл. ред. С. С. Быкова 
210 |a Томск  |c Водолей  |d 2001 
215 |a 287 с.  |c ил. 
320 |a Указ. личных имен: с. 279-287. 
320 |a Список сокр.: с. 276-278. 
600 1 |a Щапов  |b А. П.  |c российский историк  |c профессор  |f 1831-1876  |g Афанасий Прокопьевич  |c публицист  |2 stltpush  |3 (RuTPU)RU\TPU\pers\5707 
600 1 |a Словцов  |g Петр Андреевич  |b П. А.  |c российский историк  |c публицист  |f 1767 - 1843  |2 stltpui  |3 (RuTPU)RU\TPU\pers\630 
600 1 |a Загоскин  |b М. В.  |c российский публицист  |c писатель  |f 1830 - 1904  |g Михамл Васильевич  |c основатель газеты "Амур"  |c педагог  |2 stltpush  |3 (RuTPU)RU\TPU\pers\11508 
600 1 |a Шашков  |b С. С.  |c российский публицист  |c писатель  |f 1841 - 1882  |g Серафим Серафимович  |c историк  |2 stltpush  |3 (RuTPU)RU\TPU\pers\11509 
600 1 |a Щукин  |b Н. С.  |c русский писатель  |c публицист  |f 1836 - 1870  |g Николай Семенович  |c общественный деятель  |2 stltpush  |3 (RuTPU)RU\TPU\pers\11510 
600 1 |a Потанин  |b Г. Н.  |c русский естествоиспытатель  |c путешественник  |f 1835-1920  |g Григорий Николаевич  |2 stltpush  |3 (RuTPU)RU\TPU\pers\11248  |9 2489 
600 1 |a Ядринцев  |b Н. М.  |c российский публицист  |c общественный деятель  |f 1842 - 1894  |g Николай Михайлович  |2 stltpush  |3 (RuTPU)RU\TPU\pers\11511  |9 2705 
600 1 |a Наумов  |b Н. И.  |c русский писатель  |f 1838 - 1901  |g Николай Иванович  |2 stltpush  |3 (RuTPU)RU\TPU\pers\11512  |9 2706 
600 1 |a Адрианов  |b А. В.  |c русский археолог  |c этнограф  |f 1854-1920  |g Александр Васильевич  |2 stltpush  |3 (RuTPU)RU\TPU\pers\11250  |9 2491 
600 1 |a Головачев  |b П. М.  |c российский историк  |c публицист  |f 1862 - 1913  |g Петр Михайлович  |c лингвист  |2 stltpush  |3 (RuTPU)RU\TPU\pers\11513 
600 1 |a Крутовский  |b В. М.  |c русский врач  |c публицист  |f 1856 - 1938  |g Владимир Михайлович  |c издатель  |c педагог  |2 stltpush  |3 (RuTPU)RU\TPU\pers\11514 
610 1 |a библиографические указатели 
610 1 |a история 
610 1 |a Сибирь 
610 1 |a Томск 
610 1 |a сибирское областничество 
610 1 |a 19 век 
610 1 |a 20 век 
610 1 |a персоналии 
686 |a Я19:9  |v LBC/SL-A  |2 rubbk 
686 |a Т3(2Р53)  |v LBC/SL-A  |2 rubbk 
686 |a Ч611.68  |v LBC/SL-A  |2 rubbk 
702 1 |a Быкова  |b С. С.  |4 340 
712 0 2 |a Томская областная универсальная научная библиотека им. А. С. Пушкина (ТОУНБ)  |2 stltpush  |3 (RuTPU)RU\TPU\col\1204 
801 1 |a RU  |b 63413507  |c 20020427  |g PSBO 
801 2 |a RU  |b 63413507  |c 20080603  |g PSBO 
942 |c BK